| 000 | 01110nam a2200229 i 4500 | ||
|---|---|---|---|
| 001 | 183309 | ||
| 003 | ES-MaACL | ||
| 005 | 20250927113437.0 | ||
| 008 | 140228m18641869fr |||| | fre d | ||
| 080 | _a61(038) | ||
| 245 | 0 | 0 |
_aDictionnaire encyclopédique des sciences médicales / _cDirecteur[s]: A. Dechambre, [L. Lereboullett, L. Hann]. |
| 260 |
_aParis : _bG. Masson : _bP. Asselin, _c1864-1889. |
||
| 300 |
_a100 v. : _bil. ; _c24 cm. |
||
| 500 | _aLa obra aparece distribuida en cinco series, numeradas separadamente y cuyo orden de series no corresponde al alfabético de la misma. | ||
| 505 | 8 | _aContiene: 1ª Serie A-E. Tomos 1º á 36. (1864-87) 4ª Serie F-K. Tomos 37 á 52. (1877-89) 2ª Serie L.-P. Tomos 53 á 79. (1872-89) 3ª Serie Q-F. Tomos 80 á 97. (1874-85) 5ª Serie V-Z. Tomos 98 á 100 (1886-89) | |
| 650 | 0 | 4 |
_aMedicina- _vDiccionarios. _914897 |
| 700 | 1 |
_aDéchambre, Amédée. _9154442 |
|
| 700 | 1 |
_aLereboullet, Léon, _d1842-1914 _9154443 |
|
| 700 | 1 |
_aHahn, François Louis, _d1844-1921 _9154444 |
|
| 852 |
_aES-MaACL _jG-2439-2538 |
||
| 999 |
_c183309 _d183309 |
||